Agama etnik & animisme

Bibliographic Details
Main Author: Maruwiah Ahmat
Format: Book
Published: Cheras : Pustaka Cergas Jaya , 2020
Series:Siri agama-agama dunia
Subjects:

MARC

LEADER 00000cam a2200000 7i4500
001 0000278304
005 20200918163758.0
020 |a 9789670969213 
090 0 0 |a 200   |b MAR 
100 0 |a Maruwiah Ahmat 
245 1 0 |a Agama etnik & animisme   |c Maruwiah Ahmat 
260 |a Cheras :   |b Pustaka Cergas Jaya ,   |c 2020 
300 |a 92p. ;   |c 28cm. 
490 0 |a Siri agama-agama dunia 
650 0 |a Animism 
650 0 |a Ethnicity 
650 0 |a Religions 
650 0 |a Religions   |x History 
999 |a 00377444   |b BUKU   |c JUNIOR BOOKS   |e PERPUSTAKAAN KOMUNITI PETALING JAYA